MDQL
is popping MORE tags! Check the
thread
!
Quizzes
Events
Quiz Creation
Community
Videos
Private Events
Remove Ads
Sign In
Join for FREE
Feedback
Dark Mode
Quiz Categories
Sports
Geography
Music
Movies
Television
Just For Fun
Miscellaneous
History
Literature
Language
Science
Gaming
Entertainment
Religion
Holiday
For Kids
Quiz Lab
Recent
Popular Today
Quiz Kudos Today
Editor Picks
Curator Picks
Quizzes by...
Day
Popularity
Type
Ratings
Length
Year
Community
Subscriptions
Recent Discussions
Orange Saloon
Badges
Playlists
Quests
Create
Leaderboards
Showdown
Live 5
Trivia Bingo
Activity
Puzzle Library
Sporcle Events
Private Events
Virtual Trivia
Globe League
Become a Host
Pub Owners
SporcleCon
Opinionation
Our Games
Videos
Blog
Mobile Apps
Partnerships
Remove Ads and Go Orange
Feedback
History
US Presidents
World Leaders
Politics
Nation
Discovery
War
Decade
Year
Century
Biography
Art
History
US Presidents
World Leaders
Politics
Nation
Discovery
War
Decade
Year
Century
Biography
Art
Random Quiz
Search Sporcle
×
Quiz Lab
Quiz Lab
History
Politics
Click on answers out of a set of options
Click on answers out of a set of options
Multiple Choice
Best Score? Go Orange.
Canadian Prime Ministers Trivia 1 Stats
How well do you know the Prime Ministers of Canada?
By
steelbruin4
2m
15 Questions
76 Plays
76 Plays
76 Plays
Comments
Comments
Give Quiz Kudos
Give Quiz Kudos
-
- Ratings
hide this ad
Random Order
Randomize order of answers
Randomize order of answers
Replay
Link that replays current quiz
Next Quiz
Link to next quiz in quiz playlist
You Got
0%
They Got
Avg Score
54%
Avg Friend Score
Upgrade to see
Score Distribution
Jump to the score distribution portion of the page
Score
0/15
Timer
02:00
0
Plays Today
Question
Answer
Wrong Answers
Which Prime Minister won the Nobel Peace Prize?
Lester Pearson
77.6%
Paul Martin
0%
R. B. Bennett
3.9%
Brian Mulroney
5.3%
Who is the only Prime Minister born in British Columbia?
Kim Campbell
71.1%
Stephen Harper
2.6%
Arthur Meighen
2.6%
Joe Clark
14.5%
Which Prime Minister introduced the Canada/USA Free Trade Agreement?
Brian Mulroney
69.7%
Joe Clark
3.9%
Jean Chretien
11.8%
Stephen Harper
5.3%
Who was the Prime Minister during World War I?
Robert Borden
67.1%
Arthur Meighen
9.2%
Charles Tupper
11.8%
John Diefenbaker
3.9%
Which Prime Minister was born on Christmas Day?
Justin Trudeau
65.8%
William Lyon Mackenzie King
9.2%
Mackenzie Bowell
9.2%
John A. Macdonald
7.9%
Which Prime Minister was a Premier of Nova Scotia?
Charles Tupper
55.3%
Paul Martin
9.2%
Robert Borden
17.1%
Stephen Harper
2.6%
Which Prime Minister was the first to live at 24 Sussex Drive?
Louis St. Laurent
52.6%
John A. Macdonald
13.2%
John Diefenbaker
11.8%
Lester Pearson
11.8%
Which Prime Minister was the youngest when first elected?
Joe Clark
50%
Justin Trudeau
32.9%
Alexander Mackenzie
3.9%
Wilfrid Laurier
0%
How long did John Turner serve as Prime Minister?
79 days
48.7%
285 days
23.7%
1 year
6.6%
63 days
11.8%
Which Prime Minister was the first to appoint a female cabinet minister?
John Diefenbaker
46.1%
Pierre Trudeau
31.6%
Joe Clark
7.9%
John Turner
7.9%
What is Wilfrid Laurier's actual first name?
Henri
46.1%
Jacques
17.1%
Pierre
7.9%
Francois
15.8%
How many terms did William Lyon Mackenzie King serve as Prime Minister?
6
46.1%
4
14.5%
3
25%
2
3.9%
Christopher Plummer is the great-grandson of which Prime Minister?
John Abbott
44.7%
John Thompson
11.8%
Alexander Mackenzie
26.3%
Mackenzie Bowell
6.6%
Which Prime Minister had polio as a child?
Paul Martin
42.1%
John A. Macdonald
9.2%
John Thompson
14.5%
Louis St. Laurent
19.7%
Which Prime Minister died in office?
John Thompson
39.5%
William Lyon Mackenzie King
17.1%
Arthur Meighen
11.8%
Charles Tupper
23.7%
Quiz Playlist
Details
Report
Send in Message
Add To Playlist
Multiple Choice:
Click on answers out of a set of options
Random Order:
Randomize order of answers
Last Updated: Jun 28, 2017
Quiz Scoreboard
CHALLENGE
Sign Up to Join the Scoreboard
Show All
Scores
Hide
Comments
May contain spoilers
Recently Published
Find the 'City' Movie
by crazypaving
Movies
60s
5x2 Blitz: Bands
by SL_Kpop136
Music
30s
Colored Red Africa Blitz
by spor1
Geography
30s
More to Explore
Quiz From the Vault
Featured Blog Post
14 Easter Pick-up Lines to Find Eggs With
hide this ad
You Might Also Like...
Tags
Canada Quiz
Politics Quiz
Canadian
prime
Prime Ministers
Trivia
Today's Top Quizzes in History
Browse History
hide this ad
Today's Top Quizzes in Politics
Browse Politics
Top Contributed Quizzes in History
1
Popular People in 1991
2
US National Parks Named After People
3
Order Up: 1000 Years of World Events I
4
Popular People in 1981
5
Popular People in 1951
6
Popular People in 1941
7
Popular People in 1986
8
Popular People in 1921
9
Popular People in 1976
10
Magic 10 Blitz: U.S. Presidents
Explore More
Trending Topics
NBA
Marvel
Crossword
Anime
Kpop
Harry Potter
Disney
Pokémon
Soccer
WWE
Puzzle
Song
Country
NFL
The Office
hide this ad
More By:
steelbruin4
Quiz
Plays
Rating
Category
Featured
Created
Canadian Prime Ministers Trivia 1
76
History
Jun 28, 2017
Canadian Prime Ministers/Spouses
32
5.00
History
Jun 28, 2017
Canadian Prime Ministers Trivia 2
31
History
Jun 28, 2017
Go to Creator's Profile
Score Distribution
Quiz Creator Spotlight
steelbruin4
Follow
Send a Message
Quizzes Created
-
Created Quiz Play Count
-
More By This Creator
Popular Quizzes Today
1
Colored Red Africa Blitz
2
Find the 'City' Movie
3
5x2 Blitz: Bands
4
Find the US States - No Outlines Minefield
5
The Countries of the World
6
Find the US States
7
US States
8
9x9 Crossword: Cartoon Network
More History Quizzes
On This Day: November 17th II
Published
Trending Quizzes
Colored Red Europe Blitz I
Colored Red Africa Blitz II
Colored Red Africa Blitz III
Colored Red Europe Blitz III
Colored Red Europe Blitz II
Recently Updated
Champions League XIs: Real Madrid
pecheneg
Largest US Cities 1790-2010
pecheneg
Rides in Walt Disney World
pecheneg
Most Oscar Losses (Acting)
pecheneg
Beyoncé Albums
pecheneg
Leaping Animals
pecheneg
Reality TV Shows (A-Z)
bhenderson79
Rickey Henderson's Hall of Fame Teammates
pecheneg
Champions League XIs: Arsenal
pecheneg
Quick Pick: Celebrities in WWE's Hall of Fame
aduchscher
Trending Topics
Marvel
NBA
Disney
Crossword
Kpop
Harry Potter
Anime
The Office
Puzzle
Soccer
Country
NFL
Pokémon
WWE
Song
Your Account Isn't Verified!
In order to create a playlist on Sporcle, you need to verify the email address you used during registration. Go to your
Sporcle Settings
to finish the process.
Report this User
Report this user for behavior that violates our
Community Guidelines
.
Details:
Send Report
Go to the Sporcle.com Mobile Site →
Comments